Statistics for Quick Quiz

Click here to take the quiz!

General Stats

  • This quiz has been taken 17 times
  • The average score is 5 of 10

Answer Stats

ContinentPort or CapitalCountry% Correct
AsiaMumbaiIndia
92%
EuropeRotterdamNetherlands
83%
AustraliaSydneyAustralia
75%
North AmericaSan FranciscoUSA
75%
AsiaIstanbulTurkey
50%
AfricaOuagadougouBurkina Faso
33%
EuropeBariItaly
33%
AfricaCasablancaMorocco
33%
AfricaHarcourtNigeria
25%
OceianaYarenNauru
17%

Score Distribution

Percentile by Number Answered

Percent of People with Each Score

Your Score History

You have not taken this quiz